000 01992nam a2200337 4500
001 0000023718
003 CO-CtgCURN
005 20250520170407.0
007 ta
008 160627s2011 000 0 eng d
020 _a9789562203289
040 _aCO-CtgCURN
_bspa
_ccoctgcurn
082 0 _a617
_bE77
100 1 _aEspinoza, G. Ricardo.
245 1 0 _aComplicaciones en cirugía general /
_cRicardo Espinoza G.
260 _aSantiago de Chile :
_bMediterraneo,
_c2011.
300 _axi, 374 p.
336 _2rdacontent
337 _2rdamedia
_asin mediacion
_bn
338 _2rdacarrier
_avolumen
_bnc
504 _aIncluye bibliografia e indice.
505 8 _aMorbi-mortalidad quirurgica -- Evaluacion anestesiologica del riesgo perioperatorio -- Complicaciones cardiovasculares en cirugia no cardiaca y evaluacion perioperatoria -- Trastornos hidroelectroliticos y acido base en cirugia -- Complicaciones infecciosas postcirugia general y digestiva -- Trombosis venosa profunda y embolia pulmonar postoperatoria -- Rol de la radiología e imagenología en las complicaciones de la cirugia abdominal -- Complicaciones de cirugia esofagica -- Complicaciones en cirugia bariatrica -- Complicaciones en cirugia biliar -- Complicaciones posresecciones del pancreas -- Complicaciones de las exploraciones retroperitoneales -- Complicaciones de la esplenectomia -- Complicaciones en cirugia colonica -- Complicaciones postapendicectoiia -- Complicaciones de la cirugia ano rectal -- Complicaciones en la cirugia de las paredes abdominales -- Psiquiatria y cirugia
650 1 4 _aCirugia
_vComplicaciones.
908 _a160627
942 _cBK
_h617
_iE77
_2ddc
_n0
999 _c23089
_d23089